| 000 | 00609nam a22002057a 4500 | ||
|---|---|---|---|
| 999 |
_c5874 _d5874 |
||
| 003 | AR-CdUCM | ||
| 008 | 190313b ||||| |||| 00| 0 spa d | ||
| 040 |
_aMUNICIPALIDAD PROVINCIAL DEL CUSCO _cBIBLIOTECA MUNICIPAL DEL CUSCO |
||
| 082 |
_a869.56 / _bC13 |
||
| 100 |
_aCabel, Jesús _96084 |
||
| 245 | _aIntemperie / | ||
| 260 |
_aMéxico : _bImprenta Mexicana ; _c1969. |
||
| 300 |
_a42 páginas ; _c20cm |
||
| 500 | _aDonación de la familia Nieto | ||
| 505 | _aContenido: Poesía | ||
| 650 |
_aPoesía peruana _911982 |
||
| 650 |
_aLiteratura peruana _97175 |
||
| 942 |
_2ddc _cLIBROS |
||
| 945 | _anom | ||